Statistics for Supernatural - Angel's Initials

Click here to take the quiz!

General Stats

  • This quiz has been taken 672 times
    (669 since last reset)
  • The average score is 10 of 14

Answer Stats

HintAnswer% Correct
CCastiel
99%
LLucifer
95%
GGabriel
93%
UUriel
91%
MMichael
88%
BBalthazar
83%
RRaphael
81%
ZZachariah
77%
NNaomi
68%
GGadreel
63%
MMetatron
61%
SSamandriel
51%
AMAnna Milton
43%
BBartholomew
24%

Score Distribution

Percentile by Number Answered

Percent of People with Each Score

Your Score History

You have not taken this quiz since the last reset